Governo dell’economia e diritti fondamentali nell’Unione Europea

Bibliographic Details
Main Author: Rivosecchi , Guido
Other Authors: Zuppetta, Marialuisa
Format: eBook
Language:Italian
Published: Bari : Cacucci Editore, 2010
Subjects:
Online Access:http://www.vlex.com/source/6808

MARC

LEADER 00000nam a22000007a 4500
005 20130214184357.0
007 cr|||| ||||
008 130214e2010 it |||||s|||| 00| 0 ita d
020 |a 8866110167 
035 |a 6808 
040 |a vLex 
090 |c 3639  |d 3639 
100 1 0 |a Rivosecchi , Guido 
245 1 0 |a Governo dell’economia e diritti fondamentali nell’Unione Europea  |h [Recurso electrn̤ico]  
256 |a Servicio en ln̕ea 
260 |a Bari :   |b Cacucci Editore,   |c 2010  
300 |a 1 Recurso electrn̤ico 
650 0 4 |a Derecho comunitario 
650 0 4 |a Economa̕  |z Europa 
700 1 0 |a Zuppetta, Marialuisa 
740 |a vLex Libros (Servicio en ln̕ea) 
856 |a Acceso restringido  |u http://www.vlex.com/source/6808 
942 |c BOOK 
999 0 |a European Union